Бургас [Изобразителен материал] (Запис номер 388609)
[ съкратено ]
| 000 -Лидер | |
|---|---|
| Контролно поле с фиксирана дължина | nkm a22 a 4500 |
| 003 - Код на организацията, давaща контролен номер | |
| Контролно поле | BLK |
| 005 - Дата и час на последна редакция | |
| Контролно поле | 20200925124300.0 |
| 008 - Елементи от данни с фиксирана дължина | |
| fixed length control field | 180412b bul rap|r|||| r0| ||bulo| |
| 010 ## - Наследен системен номер | |
| LC control number | KNG00093033000 |
| 040 ## - Източник на каталожния запис | |
| Идентификатор на билиотеката - собственик на записа | BLK |
| 041 ## - Код за език | |
| Код за езика на текст/звукозапис или на отделно заглавие | Български |
| Код за езика КДБФ | Български |
| 080 ## - УДК | |
| Текстов определител УДК | География на България |
| УДК код - определител по УДК | 913(497.2) |
| УДК определител | (084) |
| УДК - код + определител | 913(497.2)(084) |
| 100 1# - Редна дума - Автор | |
| R(LIN) | 93280 |
| Автор | Марков, Емил |
| 139 ## - Редно поле | |
| Редна дума | Марков, Емил и др. |
| 245 10 - Сведения за заглавието | |
| Заглавие | Бургас [Изобразителен материал] |
| Подзаглавни данни | албум |
| Редно поле (дума) | текст и състав. Емил Мрков, Стойчо Гоцев ; фотогр. А. Алексиев, Б. Яшаров. |
| 257 ## - Страна на издаване | |
| Страна на създаване/издаване | България |
| 260 ## - Област на издателските данни | |
| Име на издателя, разпространителя и проч. | Фотоиздат |
| Година на издаване | 1975 |
| 9 (RLIN) | 217100 |
| Място на издаване, разпространение и проч. | София |
| 300 ## - Физическа характеристика | |
| Страници | 1 албум (72 с.) |
| Илюстрации и др. | с ил. |
| Размери/Мащаб | 22 x 24 см |
| 380 ## - Жанр | |
| Жанр | География |
| 500 ## - Общи забележки | |
| Забележка | Парал. текст на рус., англ. и нем. ез.<br/>2 000 тир. |
| 650 #4 - Допълнително описание по предмет – тема | |
| Основно описание – тема или топоним | Градове - България |
| 9 (RLIN) | 243112 |
| 651 #7 - Допълнително описание по предмет - топоним | |
| Географско понятие | Бургас |
| 9 (RLIN) | 178676 |
| 653 ## - Ключова дума – ненормативна | |
| Ключова дума | градове |
| 653 ## - Ключова дума – ненормативна | |
| Ключова дума | албуми |
| 700 ## - Други автори (авторска отговорност) | |
| Лично име | Гоцев, Стойчо |
| Автороска отговорност (Описва отношението между автора и произведението) | състав. и текст |
| 9 (RLIN) | 1535 |
| 700 1# - Други автори (авторска отговорност) | |
| Лично име | Алексиев, Алекси |
| Автороска отговорност (Описва отношението между автора и произведението) | фотогр. |
| 9 (RLIN) | 30550 |
| 700 ## - Други автори (авторска отговорност) | |
| Лично име | Яшаров, Бюлент |
| Автороска отговорност (Описва отношението между автора и произведението) | фотогр. |
| 9 (RLIN) | 1631 |
| 852 ## - Местоположение | |
| Форматна сигнатура | Цб 301220 |
| Фондова буква | Хранилище |
| 856 4# - Електронен адрес и достъп | |
| Електронен формат | pdf - файл |
| Път до файла /url/ | |
| 999 ## - СИСТЕМНИ КОНТРОЛНИ НОМЕРА | |
| Koha biblionumber | 388609 |
| Koha biblioitemnumber | 388609 |
| 942 ## - АРТИКУЛИ | |
| Вид на библиотечния материал | Графични издания |
| Скрит в OPAC | Не |
| Периодичен библиозапис | Да |
| 944 ## - СЪЗДАВАНЕ И РЕДАКЦИЯ на ЗАПИСА | |
| Създаване/Редакция | Създаване |
| Дата на регистрацията/редакция | 2020-09-25 |
| Служител, извършил регистрацията/редакцията | Ренета Константинова |
| 999 ## - СИСТЕМНИ КОНТРОЛНИ НОМЕРА | |
| Koha biblioitemnumber | 388537 |
| Код за отписване | Код за изгубен артикул | Източник на класификационната схема | Код за повреда | Коз за рестрикции | Код за отдаване | Артикулен № | Име на библиотеката - собственик | Име на библиотеката, в която се намира в момента | Статус (Текущо местоположение) | Дата на вписване в системата | Местоположение - отдел | Цена в лева | Инвентарен номер | Систематично азбучна сигнатура | Баркод | Цена в евро | Служебен тип на артикула |
|---|---|---|---|---|---|---|---|---|---|---|---|---|---|---|---|---|---|
| Не е изгубен | Universal Decimal Classification | Не е повреден | само за читалня | ползва се в читалня | 801917 | Регионална библиотека "Любен Каравелов" Русе | Регионална библиотека "Любен Каравелов" Русе | Хранилище | 2020-09-30 | Хранилище | 1.50 | 198714 | Цб 301220 | 120000198714 | 0.77 | Графични издания |